[Event "26. Copenhagen Open  (Politiken Cup)"]
[Site "Taastrup"]
[Date "2004.07.25"]
[Round "3"]
[White "Dannevig, Oystein"]
[Black "Richards, Heather"]
[Result "1-0"]
[WhiteElo "2363"]
[BlackElo "2219"]
[PlyCount "61"]
[EventDate "2004.07.24"]
[EventType "swiss"]
[EventRounds "10"]
[EventCountry "DEN"]
[SourceDate "2004.01.01"]

1. c4 e6 2. g3 Nf6 3. Bg2 d5 4. Nf3 b6 5. O-O Bb7 6. cxd5 exd5 7. Ne5 Bd6 8.
Qa4+ c6 9. d4 O-O 10. Nc3 Re8 11. Bf4 Nh5 12. Rad1 a5 13. Bc1 Bxe5 14. dxe5
Rxe5 15. e4 Ba6 16. Rfe1 Qe8 17. Bd2 dxe4 18. Nxe4 Qe7 19. Bc3 Re6 20. Qd4 Qe8
21. Bf3 c5 22. Qd5 Nc6 23. Qxh5 Ne5 24. Nd6 Nxf3+ 25. Qxf3 Rxe1+ 26. Rxe1 Qf8
27. Re7 f6 28. Qd5+ Kh8 29. Nf7+ Kg8 30. Ng5+ Kh8 31. Rxg7 1-0

[Event "26. Copenhagen Open  (Politiken Cup)"]
[Site "Taastrup"]
[Date "2004.07.25"]
[Round "3"]
[White "Edvardsson, Hannu Kalervo"]
[Black "Pedersen, Thomas"]
[Result "0-1"]
[WhiteElo "1289"]
[BlackElo "1712"]
[PlyCount "38"]
[EventDate "2004.07.24"]
[EventType "swiss"]
[EventRounds "10"]
[EventCountry "DEN"]
[SourceDate "2004.01.01"]

1. e4 d5 2. exd5 Nf6 3. Nf3 Nxd5 4. Be2 Nc6 5. O-O e5 6. d3 Bd6 7. Bd2 O-O 8.
Nc3 Nf4 9. Bxf4 exf4 10. Ne4 Be7 11. Qc1 f5 12. Nc3 g5 13. g3 g4 14. Nh4 Bxh4
15. gxh4 f3 16. Bd1 f4 17. Ne4 Qxh4 18. Kh1 Rf5 19. Rg1 Qxh2+ 0-1

[Event "26. Copenhagen Open  (Politiken Cup)"]
[Site "Taastrup"]
[Date "2004.07.25"]
[Round "3"]
[White "Ekeberg, Carl Fredrik"]
[Black "Sadvakasov, Darmen"]
[Result "1/2-1/2"]
[WhiteElo "2298"]
[BlackElo "2626"]
[PlyCount "144"]
[EventDate "2004.07.24"]
[EventType "swiss"]
[EventRounds "10"]
[EventCountry "DEN"]
[SourceDate "2004.01.01"]

1. Nf3 Nf6 2. c4 b6 3. g3 Bb7 4. Bg2 e6 5. O-O Be7 6. Nc3 O-O 7. Re1 d5 8. cxd5
exd5 9. d4 c5 10. Bf4 Nbd7 11. dxc5 Nxc5 12. Rc1 Nfe4 13. Nd4 Bf6 14. Bh3 Nxc3
15. Rxc3 Re8 16. Rc2 Bxd4 17. Qxd4 Re4 18. Qd2 d4 19. Bg2 Re7 20. Bxb7 Rxb7 21.
b4 Ne6 22. Rd1 Rd7 23. Qd3 Qe7 24. Qf3 Rad8 25. a3 d3 26. Rcd2 a5 27. Be3 axb4
28. axb4 Qxb4 29. Rxd3 Rxd3 30. Rxd3 Rb8 31. Rd7 Qf8 32. Bf4 Qe8 33. Rd2 Nxf4
34. Qxf4 b5 35. Rb2 h6 36. Rb4 Rc8 37. Qf3 Rc5 38. Kg2 Re5 39. e3 Qf8 40. Qf4
Qa8+ 41. Qf3 Qc8 42. Rf4 Re7 43. Rb4 Qc5 44. Qf4 Re8 45. h4 Kf8 46. Kh2 Qc6 47.
Qf5 Rb8 48. Qh7 Rb6 49. Qh8+ Ke7 50. Qxg7 Qf6 51. Re4+ Re6 52. Qxf6+ Kxf6 53.
Rb4 Rb6 54. g4 Ke5 55. g5 hxg5 56. hxg5 Kd5 57. Kg3 Kc5 58. Rb1 b4 59. Kg4 b3
60. f4 Kd5 61. Kf5 b2 62. e4+ Kd4 63. e5 Ke3 64. Kg4 Rb4 65. Re1+ Kd3 66. g6
fxg6 67. Kg5 b1=Q 68. Rxb1 Rxb1 69. Kxg6 Re1 70. Kf7 Ke4 71. e6 Kxf4 72. e7
Rxe7+ 1/2-1/2

[Event "26. Copenhagen Open  (Politiken Cup)"]
[Site "Taastrup"]
[Date "2004.07.25"]
[Round "3"]
[White "Fedorov, Aleksander"]
[Black "Naes, Flovin Tor"]
[Result "1-0"]
[WhiteElo "2620"]
[BlackElo "2269"]
[PlyCount "69"]
[EventDate "2004.07.24"]
[EventType "swiss"]
[EventRounds "10"]
[EventCountry "DEN"]
[SourceDate "2004.01.01"]

1. e4 e5 2. Nf3 Nc6 3. Bc4 Bc5 4. c3 Nf6 5. d3 d6 6. Qe2 a6 7. Bb3 h6 8. h3 Qe7
9. Nbd2 Be6 10. Bc2 Bb6 11. Ba4 Nd7 12. Nf1 f5 13. Ne3 fxe4 14. dxe4 Qf7 15.
Nd2 Ne7 16. O-O O-O 17. Bc2 Ng6 18. Nf5 Nf4 19. Qf3 d5 20. g4 c6 21. exd5 cxd5
22. Nb3 Bc7 23. Bxf4 exf4 24. Nbd4 Rae8 25. Rae1 Nf6 26. Qg2 Qd7 27. Nxe6 Rxe6
28. Rxe6 Qxe6 29. Nd4 Qe5 30. Qf3 Bb6 31. Qd3 Re8 32. Kg2 Kf8 33. Rd1 Bxd4 34.
cxd4 Rc8 35. dxe5 1-0

[Event "26. Copenhagen Open  (Politiken Cup)"]
[Site "Taastrup"]
[Date "2004.07.25"]
[Round "3"]
[White "Fredriksen, Jan Gunnar"]
[Black "Laursen, Steen"]
[Result "1-0"]
[WhiteElo "1766"]
[BlackElo "1302"]
[PlyCount "35"]
[EventDate "2004.07.24"]
[EventType "swiss"]
[EventRounds "10"]
[EventCountry "DEN"]
[SourceDate "2004.01.01"]

1. e4 c5 2. Nf3 e6 3. d4 cxd4 4. Nxd4 Qb6 5. c3 Bc5 6. Qc2 Bxd4 7. cxd4 Qxd4 8.
Qxc8+ Ke7 9. Qxb7 Nc6 10. Qxa8 Qxe4+ 11. Be3 Qb4+ 12. Nd2 Qxb2 13. Rb1 Qxa2 14.
Bd3 Qa3 15. Ne4 Qa5+ 16. Kf1 Nd8 17. Bc5+ d6 18. Bxd6+ 1-0

[Event "26. Copenhagen Open  (Politiken Cup)"]
[Site "Taastrup"]
[Date "2004.07.25"]
[Round "3"]
[White "Frisk, Ellinor"]
[Black "Nolsoe, Eydun"]
[Result "0-1"]
[WhiteElo "2007"]
[BlackElo "2212"]
[PlyCount "80"]
[EventDate "2004.07.24"]
[EventType "swiss"]
[EventRounds "10"]
[EventCountry "DEN"]
[SourceDate "2004.01.01"]

1. e4 c5 2. Nf3 Nc6 3. d4 cxd4 4. Nxd4 Nf6 5. Nc3 e5 6. Ndb5 d6 7. Bg5 a6 8.
Na3 b5 9. Bxf6 gxf6 10. Nd5 f5 11. c3 fxe4 12. Bxb5 Bd7 13. Be2 Bg7 14. Bg4 Ra7
15. Bxd7+ Rxd7 16. Qg4 Kf8 17. Qxe4 Ne7 18. Nxe7 Kxe7 19. O-O d5 20. Qf5 Qb6
21. Rab1 Qe6 22. Qf3 f5 23. Rfe1 e4 24. Qe2 Be5 25. Nc2 f4 26. Nd4 Qg6 27. f3
e3 28. Red1 Rg8 29. Rbc1 h5 30. Qc2 Qg5 31. Nc6+ Ke6 32. Nxe5 Qxe5 33. Qe2 Qd6
34. Rc2 h4 35. h3 Rdg7 36. Qd3 Rg5 37. Qd4 Ke7 38. Qd3 R8g6 39. Kh1 Qe6 40. Re2
Rxg2 0-1

[Event "26. Copenhagen Open  (Politiken Cup)"]
[Site "Taastrup"]
[Date "2004.07.25"]
[Round "3"]
[White "Frisk, Hans"]
[Black "Andersson, Christin"]
[Result "1/2-1/2"]
[WhiteElo "1960"]
[BlackElo "2196"]
[PlyCount "137"]
[EventDate "2004.07.24"]
[EventType "swiss"]
[EventRounds "10"]
[EventCountry "DEN"]
[SourceDate "2004.01.01"]

1. e4 e6 2. d4 d5 3. e5 c5 4. c3 Nc6 5. Nf3 Nge7 6. Bd3 Nf5 7. Bxf5 exf5 8. O-O
Be6 9. Na3 Be7 10. Nc2 O-O 11. b4 cxb4 12. cxb4 Nxb4 13. Nxb4 Bxb4 14. Rb1 Ba5
15. Ba3 Re8 16. Rxb7 Bc8 17. Rb1 Ba6 18. Re1 Bxe1 19. Qxe1 Bd3 20. Rc1 Rc8 21.
Bc5 Qc7 22. Qd1 Bc4 23. a3 Qa5 24. Qc2 g6 25. Bb4 Qa6 26. Qd2 Be2 27. Bc5 Bxf3
28. gxf3 Kg7 29. h4 f6 30. f4 fxe5 31. fxe5 h6 32. Kh2 Qb7 33. Qf4 Qd7 34. Rg1
Re6 35. Qxf5 Qf7 36. Qxf7+ Kxf7 37. Bxa7 Rc2 38. Bc5 Rxf2+ 39. Kg3 Rf5 40. Rb1
Re8 41. Rb7+ Kg8 42. Rb6 Rf1 43. Rd6 Rg1+ 44. Kf2 Rg4 45. Kf3 h5 46. Rxd5 Rxh4
47. Rd7 Rh3+ 48. Kf4 Rd3 49. Rb7 h4 50. Kg5 Re6 51. Kxh4 Rd1 52. Kg5 Rg1+ 53.
Kf4 Rf1+ 54. Ke4 g5 55. Kd5 Re8 56. e6 Rf6 57. e7 Kf7 58. Ke5 g4 59. d5 g3 60.
d6 g2 61. d7 Rxe7+ 62. Bxe7 Kxe7 63. Rb8 Re6+ 64. Kf5 Rf6+ 65. Ke5 Kxd7 66. Rg8
Rf2 67. Ke4 Ke6 68. Ke3 Ra2 69. Kf3 1/2-1/2

[Event "26. Copenhagen Open  (Politiken Cup)"]
[Site "Taastrup"]
[Date "2004.07.25"]
[Round "3"]
[White "Gerstoft, Philip"]
[Black "Vedelfort, Tommy"]
[Result "1-0"]
[WhiteElo "1285"]
[BlackElo "1867"]
[PlyCount "63"]
[EventDate "2004.07.24"]
[EventType "swiss"]
[EventRounds "10"]
[EventCountry "DEN"]
[SourceDate "2004.01.01"]

1. e4 e6 2. d4 d5 3. e5 c5 4. c3 Nc6 5. Nf3 Qc7 6. Be2 Nge7 7. a3 Bd7 8. b4
cxd4 9. cxd4 Rc8 10. O-O a6 11. Bb2 Ng6 12. Qd2 Be7 13. Nc3 Na7 14. Rac1 Qb8
15. g3 O-O 16. h4 f5 17. h5 Nh8 18. Nh2 Nf7 19. f4 Nh6 20. Kh1 Rc7 21. g4 fxg4
22. Nxg4 Nf5 23. Rg1 Qe8 24. Rg2 Nb5 25. Rcg1 Nxc3 26. Bxc3 Kh8 27. Bd3 Qxh5+
28. Rh2 Qf7 29. Rxh7+ Kxh7 30. Qh2+ Kg8 31. Bxf5 Qxf5 32. Nh6+ 1-0

[Event "26. Copenhagen Open  (Politiken Cup)"]
[Site "Taastrup"]
[Date "2004.07.25"]
[Round "3"]
[White "Gullaksen, Eirik T"]
[Black "Nilsson, Nils Specht"]
[Result "1-0"]
[WhiteElo "2390"]
[BlackElo "2140"]
[PlyCount "53"]
[EventDate "2004.07.24"]
[EventType "swiss"]
[EventRounds "10"]
[EventCountry "DEN"]
[SourceDate "2004.01.01"]

1. e4 c5 2. Nf3 d6 3. d4 cxd4 4. Nxd4 Nf6 5. Nc3 a6 6. Rg1 e5 7. Nb3 Be6 8. g4
Be7 9. g5 Nfd7 10. Qf3 Qc7 11. Bh3 Nc6 12. Be3 Bxb3 13. cxb3 Nb4 14. Qe2 Nc5
15. Rd1 Qa5 16. a3 Na2 17. b4 Nxc3 18. bxc3 Qxa3 19. bxc5 Qxc3+ 20. Kf1 dxc5
21. Kg2 b5 22. Bd7+ Kf8 23. Bc6 Rb8 24. Rd7 h6 25. g6 fxg6 26. Qg4 Re8 27. Qe6
1-0

[Event "26. Copenhagen Open  (Politiken Cup)"]
[Site "Taastrup"]
[Date "2004.07.25"]
[Round "3"]
[White "Hammer, Jon Ludvig"]
[Black "Hansen, Torbjorn Ringdal"]
[Result "1-0"]
[WhiteElo "2095"]
[BlackElo "2346"]
[PlyCount "81"]
[EventDate "2004.07.24"]
[EventType "swiss"]
[EventRounds "10"]
[EventCountry "DEN"]
[SourceDate "2004.01.01"]

1. e4 c6 2. Nc3 d5 3. Qf3 dxe4 4. Nxe4 Nf6 5. Nxf6+ exf6 6. Bc4 Bd6 7. Qe3+ Be7
8. Ne2 O-O 9. O-O b5 10. Bd3 f5 11. c4 a6 12. a4 bxa4 13. Bc2 Bg5 14. Qf3 Be6
15. Rxa4 Nd7 16. b3 Nb6 17. Ra2 Qd7 18. Ba3 Rfe8 19. d4 g6 20. Bc5 Qb7 21. Nc3
Nxc4 22. bxc4 Bxc4 23. Raa1 Bxf1 24. Rxf1 a5 25. Ba4 Re6 26. h4 Bxh4 27. g3 Bg5
28. Rb1 Qc7 29. Rb6 Rc8 30. Ra6 Bd2 31. Kg2 Bxc3 32. Qxc3 Qd7 33. Bb3 Ree8 34.
Qxa5 Rc7 35. Qa2 f4 36. Ra8 Rxa8 37. Qxa8+ Rc8 38. Qa7 Qf5 39. Qe7 f3+ 40. Kh2
Rb8 41. Bd6 1-0

[Event "26. Copenhagen Open  (Politiken Cup)"]
[Site "Taastrup"]
[Date "2004.07.25"]
[Round "3"]
[White "Hansen, Martin"]
[Black "Lovik, Lasse Ostebo"]
[Result "1-0"]
[WhiteElo "1732"]
[BlackElo "1267"]
[PlyCount "67"]
[EventDate "2004.07.24"]
[EventType "swiss"]
[EventRounds "10"]
[EventCountry "DEN"]
[SourceDate "2004.01.01"]

1. e4 e6 2. d4 d5 3. e5 c5 4. c3 Qb6 5. Nf3 Nc6 6. a3 c4 7. Nbd2 f6 8. b3 fxe5
9. Nxe5 Nxe5 10. dxe5 Bc5 11. Qf3 Ne7 12. b4 Bxb4 13. axb4 Nf5 14. g3 O-O 15.
Qe2 Bd7 16. Bh3 Qc6 17. O-O b5 18. Nf3 Be8 19. Bxf5 exf5 20. Nd4 Qg6 21. Qf3
Rd8 22. Rxa7 f4 23. Bxf4 Bd7 24. Qxd5+ Rf7 25. e6 Bxe6 26. Qxd8+ Rf8 27. Qd6
Bh3 28. Qxg6 hxg6 29. Re1 Bd7 30. Rxd7 g5 31. Ree7 Rxf4 32. Rxg7+ Kf8 33. Ne6+
Ke8 34. Rge7# 1-0

[Event "26. Copenhagen Open  (Politiken Cup)"]
[Site "Taastrup"]
[Date "2004.07.25"]
[Round "3"]
[White "Hansen, Rene Rauer"]
[Black "Jensen, Mads"]
[Result "1/2-1/2"]
[WhiteElo "2066"]
[BlackElo "1277"]
[PlyCount "96"]
[EventDate "2004.07.24"]
[EventType "swiss"]
[EventRounds "10"]
[EventCountry "DEN"]
[SourceDate "2004.01.01"]

1. d4 e6 2. Nf3 d5 3. g3 c5 4. e3 Nc6 5. Bg2 Bd7 6. b3 b5 7. dxc5 Bxc5 8. Bb2
Nf6 9. O-O O-O 10. Nbd2 Re8 11. Ne5 Bd6 12. Nxd7 Nxd7 13. c4 bxc4 14. Nxc4 Nde5
15. Nxd6 Qxd6 16. Rc1 Nb4 17. Bxe5 Qxe5 18. a3 Na2 19. Rc2 Nc3 20. Qd3 Ne4 21.
Rfc1 f5 22. Qa6 Qd6 23. Rc6 Qd7 24. Rc7 Qd8 25. Rxa7 Rxa7 26. Qxa7 Qb8 27. Qxb8
Rxb8 28. Bxe4 dxe4 29. Rc3 Kf7 30. Kf1 g5 31. h3 h5 32. Kg2 Rb6 33. b4 e5 34.
Rc5 Ke6 35. f4 exf4 36. gxf4 gxf4 37. exf4 h4 38. Rc8 Rd6 39. Rc3 Rd2+ 40. Kg1
Kd5 41. Kf1 Kd4 42. Rb3 e3 43. b5 Ke4 44. b6 Kf3 45. Kg1 Rd1+ 46. Kh2 Rd2+ 47.
Kg1 Rd1+ 48. Kh2 Rd2+ 1/2-1/2

[Event "26. Copenhagen Open  (Politiken Cup)"]
[Site "Taastrup"]
[Date "2004.07.25"]
[Round "3"]
[White "Hansen, Sune Berg"]
[Black "Greiff, Hakan"]
[Result "1/2-1/2"]
[WhiteElo "2552"]
[BlackElo "2253"]
[PlyCount "136"]
[EventDate "2004.07.24"]
[EventType "swiss"]
[EventRounds "10"]
[EventCountry "DEN"]
[SourceDate "2004.01.01"]

1. e4 e5 2. Nf3 Nc6 3. Bb5 a6 4. Bxc6 dxc6 5. O-O Bg4 6. h3 h5 7. d3 Qf6 8.
Nbd2 Ne7 9. hxg4 hxg4 10. g3 gxf3 11. Qxf3 Qxf3 12. Nxf3 Ng6 13. Be3 c5 14. Kg2
Bd6 15. Rh1 Ke7 16. Nd2 f6 17. Kf3 b6 18. Kg4 Rxh1 19. Rxh1 Rh8 20. Rxh8 Nxh8
21. Kh5 Kf7 22. f4 exf4 23. gxf4 Ng6 24. Kg4 Ne7 25. Nc4 Nc6 26. c3 Be7 27. Bf2
Bd8 28. Bg3 g6 29. f5 gxf5+ 30. exf5 Ne7 31. Ne3 c6 32. Kf3 Nc8 33. Nc4 Ke8 34.
Kg4 Kf7 35. Bb8 Kg7 36. Kh5 Kh7 37. Kg4 Kg7 38. Nd2 Be7 39. Ne4 Bd8 40. c4 Kf7
41. Bf4 Kg7 42. Bd2 Be7 43. Bc3 Kf7 44. b3 Nd6 45. a4 a5 46. Kf4 Ne8 47. Kf3
Ng7 48. Kg4 Ne8 49. d4 cxd4 50. Bxd4 c5 51. Be3 Bd6 52. Bf4 Bxf4 53. Kxf4 Ke7
54. Kg4 Ng7 55. Nc3 Kd6 56. Nd5 Ke5 57. Nxb6 Nxf5 58. Nd7+ Ke6 59. Nxc5+ Ke5
60. Nb7 Ke4 61. Nxa5 Nd4 62. c5 f5+ 63. Kg3 Ke3 64. Nc4+ Kd3 65. a5 f4+ 66. Kf2
Kc3 67. a6 Nc6 68. Kf3 Kb4 1/2-1/2

[Event "26. Copenhagen Open  (Politiken Cup)"]
[Site "Taastrup"]
[Date "2004.07.25"]
[Round "3"]
[White "Hein, Jacob"]
[Black "Nielsen, Rasmus Lundberg"]
[Result "0-1"]
[WhiteElo "1351"]
[BlackElo "1760"]
[PlyCount "80"]
[EventDate "2004.07.24"]
[EventType "swiss"]
[EventRounds "10"]
[EventCountry "DEN"]
[SourceDate "2004.01.01"]

1. d4 Nf6 2. c4 g6 3. Nf3 Bg7 4. Nc3 O-O 5. Rb1 d6 6. e4 e5 7. Bg5 h6 8. Bxf6
Qxf6 9. Nd5 Qd8 10. dxe5 dxe5 11. Qc2 c6 12. Ne3 f5 13. Rd1 Qa5+ 14. Rd2 fxe4
15. Nh4 Bf5 16. Nexf5 gxf5 17. a3 Na6 18. Be2 Rad8 19. b4 Qxa3 20. O-O Nxb4 21.
Qb2 Qxb2 22. Rxb2 c5 23. Ng6 Rfe8 24. Ra1 a6 25. Bh5 Re6 26. Nh4 Rf8 27. Rb3
Rd6 28. Rg3 Nd3 29. Bg6 Nf4 30. Kf1 Nxg6 31. Nxg6 Re8 32. Ke2 f4 33. Rg4 h5 34.
Rg5 f3+ 35. gxf3 exf3+ 36. Kxf3 e4+ 37. Ke2 Bxa1 38. Nf4+ Kf7 39. Rxc5 Rf6 40.
Nd5 Rxf2+ 0-1

[Event "26. Copenhagen Open  (Politiken Cup)"]
[Site "Taastrup"]
[Date "2004.07.25"]
[Round "3"]
[White "Helin, Mikael"]
[Black "Rossen, Claus"]
[Result "1-0"]
[WhiteElo "1939"]
[BlackElo "2168"]
[PlyCount "39"]
[EventDate "2004.07.24"]
[EventType "swiss"]
[EventRounds "10"]
[EventCountry "DEN"]
[SourceDate "2004.01.01"]

1. e4 c5 2. c4 Nc6 3. Nc3 g6 4. g3 Bg7 5. Bg2 e6 6. d3 Nge7 7. Bf4 d6 8. Qd2
Nd4 9. Rb1 Nec6 10. Nge2 O-O 11. h4 e5 12. Be3 f5 13. h5 fxe4 14. Nxe4 Bg4 15.
hxg6 Bxe2 16. Rxh7 Bf3 17. Bh6 Bf6 18. Bxf8 Bxg2 19. Qh6 Qxf8 20. Rh8+ 1-0

[Event "26. Copenhagen Open  (Politiken Cup)"]
[Site "Taastrup"]
[Date "2004.07.25"]
[Round "3"]
[White "Hvenekilde, Jorgen"]
[Black "Lie, Kjetil A"]
[Result "0-1"]
[WhiteElo "2239"]
[BlackElo "2459"]
[PlyCount "100"]
[EventDate "2004.07.24"]
[EventType "swiss"]
[EventRounds "10"]
[EventCountry "DEN"]
[SourceDate "2004.01.01"]

1. d4 Nf6 2. c4 c5 3. d5 e6 4. Nc3 exd5 5. cxd5 d6 6. e4 g6 7. Bd3 Bg7 8. Nge2
O-O 9. O-O a6 10. a4 Nbd7 11. Ng3 h5 12. Bg5 Qa5 13. h3 Re8 14. Re1 Rb8 15. Qd2
Nh7 16. Bh6 Bd4 17. Qc2 Qd8 18. Be3 h4 19. Nf1 Ne5 20. f4 Nxd3 21. Qxd3 Bg7 22.
Nd2 Nf6 23. a5 b5 24. axb6 Rxb6 25. Nc4 Rb4 26. Rad1 Nh5 27. Na2 Rb8 28. Nc3 a5
29. Qc2 Rb4 30. Na2 Rb8 31. Nc3 Ba6 32. Nd2 Rb4 33. Ndb1 Bd4 34. Qf2 Qf6 35.
Bxd4 Rxd4 36. e5 dxe5 37. Ne4 Qxf4 38. Qxf4 exf4 39. Nxc5 Rxe1+ 40. Rxe1 Bc4
41. Nc3 Nf6 42. N5e4 Nxd5 43. Nxd5 Bxd5 44. Nf6+ Kg7 45. Nxd5 Rxd5 46. Re4 g5
47. Ra4 Rb5 48. b3 Kg6 49. Kf2 f6 50. Ke2 Kf7 0-1

[Event "26. Copenhagen Open  (Politiken Cup)"]
[Site "Taastrup"]
[Date "2004.07.25"]
[Round "3"]
[White "Hyldkrog, Mikkel"]
[Black "Lie, Terje"]
[Result "1-0"]
[WhiteElo "1591"]
[BlackElo "1094"]
[PlyCount "95"]
[EventDate "2004.07.24"]
[EventType "swiss"]
[EventRounds "10"]
[EventCountry "DEN"]
[SourceDate "2004.01.01"]

1. c4 e6 2. Nc3 Nf6 3. g3 c5 4. Bg2 Nc6 5. Nf3 Be7 6. O-O O-O 7. d4 d5 8. cxd5
Nxd5 9. Nxd5 Qxd5 10. Qc2 b6 11. dxc5 Qxc5 12. Qxc5 Bxc5 13. Ne5 Nxe5 14. Bxa8
Ba6 15. Bg2 h6 16. Bf4 Bd4 17. Rab1 g5 18. Rfd1 gxf4 19. Rxd4 fxg3 20. hxg3
Bxe2 21. Re1 Nf3+ 22. Bxf3 Bxf3 23. Rd7 Ra8 24. Rc1 Bh5 25. Rcc7 a6 26. Kg2 Kg7
27. Rb7 b5 28. Ra7 Rxa7 29. Rxa7 Be2 30. Rxa6 Kf6 31. a4 bxa4 32. Rxa4 Bd1 33.
Rf4+ Kg6 34. b4 e5 35. Rc4 h5 36. b5 Be2 37. Rc6+ f6 38. b6 e4 39. Rc7 Bf3+ 40.
Kh2 e3 41. fxe3 f5 42. b7 Bxb7 43. Rxb7 Kg5 44. Kh3 Kf6 45. Kh4 Ke5 46. Kxh5
Ke4 47. Kg5 Kxe3 48. Kxf5 1-0

[Event "26. Copenhagen Open  (Politiken Cup)"]
[Site "Taastrup"]
[Date "2004.07.25"]
[Round "3"]
[White "Jacobsen, Hans Endrup"]
[Black "Lavrsen, Frands Winther"]
[Result "1-0"]
[WhiteElo "2102"]
[BlackElo "1772"]
[PlyCount "107"]
[EventDate "2004.07.24"]
[EventType "swiss"]
[EventRounds "10"]
[EventCountry "DEN"]
[SourceDate "2004.01.01"]

1. e4 c6 2. d4 d5 3. Nc3 dxe4 4. Nxe4 Bf5 5. Ng3 Bg6 6. Nf3 e6 7. h4 h6 8. h5
Bh7 9. Bd3 Bxd3 10. Qxd3 Nf6 11. Bd2 Nbd7 12. O-O-O Qc7 13. Kb1 Bd6 14. Ne4
Nxe4 15. Qxe4 Nf6 16. Qe2 O-O-O 17. c4 Rhe8 18. Ne5 Ng8 19. Bc3 Qe7 20. Qf3 f6
21. Ng6 Qf7 22. Rhe1 Ne7 23. Ne5 Qg8 24. Nd3 Kb8 25. Re4 Bc7 26. Rde1 Nc8 27.
Nc5 e5 28. dxe5 Bxe5 29. Bxe5+ Rxe5 30. Rxe5 fxe5 31. Qe4 Ka8 32. b3 Qf7 33.
Qxe5 Qxf2 34. Ne6 Rd7 35. Re2 Qf1+ 36. Kb2 Qd1 37. Rc2 Qg4 38. Nc7+ Kb8 39.
Na6+ Ka8 40. Nc7+ Kb8 41. Nd5+ Ka8 42. Ne3 Qh4 43. Qe8 Qd4+ 44. Kb1 Kb8 45. Nf5
Qd3 46. Qe5+ Ka8 47. Nxg7 Re7 48. Ne6 Qf1+ 49. Kb2 Qf7 50. Re2 Nb6 51. Qh8+ Re8
52. Qxe8+ Qxe8 53. Nc7+ Kb8 54. Nxe8 1-0

[Event "26. Copenhagen Open  (Politiken Cup)"]
[Site "Taastrup"]
[Date "2004.07.25"]
[Round "3"]
[White "Jensen, Jan Erik"]
[Black "Lund-Petersen, Rasmus"]
[Result "0-1"]
[WhiteElo "1259"]
[BlackElo "1678"]
[PlyCount "96"]
[EventDate "2004.07.24"]
[EventType "swiss"]
[EventRounds "10"]
[EventCountry "DEN"]
[SourceDate "2004.01.01"]

1. e4 e5 2. Nf3 Nf6 3. Nc3 Nc6 4. Bb5 Nd4 5. d3 c6 6. Bc4 Qc7 7. Be3 d5 8. exd5
cxd5 9. Bb3 Nxb3 10. axb3 d4 11. Bxd4 exd4 12. Nxd4 Bb4 13. Nde2 Nd5 14. Qd2
O-O 15. O-O Qc6 16. h3 Be6 17. Rfc1 Rfc8 18. Nd4 Bxc3 19. bxc3 Qxc3 20. Qxc3
Nxc3 21. Re1 Re8 22. Re3 Bd7 23. Rxe8+ Bxe8 24. Kf1 a6 25. Nf3 Nd5 26. Ne1 Rc8
27. Rc1 Nb4 28. c4 Bd7 29. d4 Bf5 30. Rd1 a5 31. d5 a4 32. bxa4 Rxc4 33. d6 Bd7
34. Rb1 Bxa4 35. Ra1 Bd7 36. Ra8+ Rc8 37. Ra7 Bc6 38. d7 Rd8 39. Nf3 Bxf3 40.
gxf3 b6 41. Rc7 Kf8 42. Rb7 Nd5 43. Ke2 Ke7 44. h4 b5 45. Kd3 Rxd7 46. Rxd7+
Kxd7 47. Kd4 Kd6 48. h5 Nf4 0-1

[Event "26. Copenhagen Open  (Politiken Cup)"]
[Site "Taastrup"]
[Date "2004.07.25"]
[Round "3"]
[White "Jensen, Jannick"]
[Black "Thomassen, Joachim"]
[Result "0-1"]
[WhiteElo "1994"]
[BlackElo "1462"]
[PlyCount "94"]
[EventDate "2004.07.24"]
[EventType "swiss"]
[EventRounds "10"]
[EventCountry "DEN"]
[SourceDate "2004.01.01"]

1. e4 c5 2. Nc3 Nc6 3. g3 d6 4. Bg2 g6 5. d3 Bg7 6. Be3 Nf6 7. h3 O-O 8. Qd2
Rb8 9. f4 Ne8 10. Nf3 e6 11. O-O b5 12. Rab1 Nc7 13. Ne2 Qe7 14. g4 f5 15. Ng3
b4 16. Qf2 Rb5 17. Nd2 Bb7 18. gxf5 exf5 19. exf5 gxf5 20. Rfe1 Qf7 21. Nc4 Rd8
22. Bd2 d5 23. Ne3 Ne7 24. Bf3 Kh8 25. Kh2 d4 26. Nc4 Bxf3 27. Qxf3 Ncd5 28.
Ne5 Bxe5 29. Rxe5 Rb6 30. Rg1 Ra6 31. Qe2 Rxa2 32. Nh5 Ng6 33. Rg5 Nde7 34.
Rxc5 Rxb2 35. Ng3 Rd5 36. Rc7 Qf6 37. Qe1 Qd6 38. Rxa7 Rxc2 39. Kg1 Rdc5 40.
Ne2 b3 41. Ra1 b2 42. Rb1 Rc8 43. Bb4 Rxe2 44. Qxe2 Rc1+ 45. Kh2 Qxf4+ 46. Rg3
Rxb1 47. Bxe7 Rh1+ 0-1

[Event "26. Copenhagen Open  (Politiken Cup)"]
[Site "Taastrup"]
[Date "2004.07.25"]
[Round "3"]
[White "Jensen, Sren"]
[Black "Jensen, Soren G"]
[Result "1/2-1/2"]
[WhiteElo "1609"]
[BlackElo "2090"]
[PlyCount "89"]
[EventDate "2004.07.24"]
[EventType "swiss"]
[EventRounds "10"]
[EventCountry "DEN"]
[SourceDate "2004.01.01"]

1. Nf3 c5 2. c4 Nc6 3. b3 e5 4. d3 g6 5. g3 Bg7 6. Bb2 Nge7 7. Nc3 O-O 8. Bg2
d6 9. O-O f5 10. Qc2 h6 11. Rfe1 Be6 12. e4 Qd7 13. Nd5 Rf7 14. Nh4 Kh7 15. Qd2
Raf8 16. Rf1 fxe4 17. Bxe4 Bh3 18. Nxe7 Nxe7 19. Ng2 Bf6 20. b4 Bg5 21. Qc3 b6
22. bxc5 bxc5 23. Bc1 Bxc1 24. Raxc1 Nf5 25. Rb1 Nd4 26. Qd2 Qg4 27. Kh1 Nf3
28. Qd1 Qh5 29. Bxf3 Rxf3 30. Rb7+ Kh8 31. Qb1 Qf5 32. Rb8 Bxg2+ 33. Kxg2 Rxf2+
34. Rxf2 Qxf2+ 35. Kh3 Qf5+ 36. Kg2 Qf2+ 37. Kh3 h5 38. Rxf8+ Qxf8 39. Kg2 Qf5
40. Qb8+ Kg7 41. Qxd6 h4 42. Qe7+ Kg8 43. Qe8+ Kg7 44. Qe7+ Kg8 45. Qe8+
1/2-1/2

[Event "26. Copenhagen Open  (Politiken Cup)"]
[Site "Taastrup"]
[Date "2004.07.25"]
[Round "3"]
[White "Joensen, Hjalmar"]
[Black "Forsaa, Espen"]
[Result "0-1"]
[WhiteElo "1618"]
[BlackElo "2027"]
[PlyCount "52"]
[EventDate "2004.07.24"]
[EventType "swiss"]
[EventRounds "10"]
[EventCountry "DEN"]
[SourceDate "2004.01.01"]

1. d4 f5 2. c4 Nf6 3. Nc3 g6 4. Nf3 Bg7 5. e3 O-O 6. Qc2 d6 7. Be2 Qe8 8. O-O
e5 9. d5 Na6 10. a3 Nc5 11. b4 Nce4 12. Nd2 Nxc3 13. Qxc3 Qe7 14. Qc2 g5 15.
Nb3 f4 16. f3 Nh5 17. Bd3 e4 18. Bxe4 Bxa1 19. Bxh7+ Qxh7 20. Nxa1 Qxc2 21.
Nxc2 Bd7 22. exf4 Nxf4 23. Nd4 Rae8 24. g3 Ne2+ 25. Nxe2 Rxe2 26. Bxg5 Bh3 0-1

[Event "26. Copenhagen Open  (Politiken Cup)"]
[Site "Taastrup"]
[Date "2004.07.25"]
[Round "3"]
[White "Johansen, Paul"]
[Black "Moller, Frederik Oest"]
[Result "1-0"]
[WhiteElo "2117"]
[BlackElo "1832"]
[PlyCount "59"]
[EventDate "2004.07.24"]
[EventType "swiss"]
[EventRounds "10"]
[EventCountry "DEN"]
[SourceDate "2004.01.01"]

1. g3 d5 2. Bg2 c5 3. Nf3 Nc6 4. d4 cxd4 5. Nxd4 e5 6. Nxc6 bxc6 7. c4 e4 8.
Nc3 Bb7 9. cxd5 cxd5 10. Bf4 Bc5 11. O-O Ne7 12. Qb3 Qb6 13. Nb5 O-O 14. Rac1
Rac8 15. Bc7 Rxc7 16. Nxc7 Qxc7 17. Qa3 Rc8 18. b4 Bxb4 19. Qxb4 Qxc1 20. Rxc1
Rxc1+ 21. Bf1 Rc7 22. Qd6 Rc8 23. Qxe7 Ba8 24. Bh3 Rf8 25. Qxa7 h6 26. Bd7 Rd8
27. Qc7 Rf8 28. e3 Kh7 29. Bc6 Bxc6 30. Qxc6 1-0

[Event "26. Copenhagen Open  (Politiken Cup)"]
[Site "Taastrup"]
[Date "2004.07.25"]
[Round "3"]
[White "Jorgensen, Mikkel"]
[Black "Fjellheim, Marius"]
[Result "1-0"]
[WhiteElo "1680"]
[BlackElo "1237"]
[PlyCount "37"]
[EventDate "2004.07.24"]
[EventType "swiss"]
[EventRounds "10"]
[EventCountry "DEN"]
[SourceDate "2004.01.01"]

1. e4 e6 2. d4 d5 3. Be3 dxe4 4. Nd2 Nf6 5. f3 exf3 6. Ngxf3 Nc6 7. c3 Bd6 8.
Bd3 Qe7 9. Nc4 Bd7 10. Qc2 O-O-O 11. O-O-O Ng4 12. Nxd6+ Qxd6 13. Bg1 Qf4+ 14.
Kb1 e5 15. Ka1 exd4 16. Nxd4 Nxd4 17. Bxd4 Qg5 18. Bxa7 b6 19. Ba6# 1-0